مكتبة جامعة عجلون الوطنية

فهرس بحث المكتبة

Normal view MARC view
  • الجندي،محمد الشحات

Entry Personal Name

Number of records used in: 1

001 - CONTROL NUMBER

  • control field: 28127

003 - CONTROL NUMBER IDENTIFIER

  • control field: JO-AjAnu

005 - DATE AND TIME OF LATEST TRANSACTION

  • control field: 20230606074753.0

008 - FIXED-LENGTH DATA ELEMENTS

  • fixed length control field: 230606|| aca||aabn | a|a d

040 ## - CATALOGING SOURCE

  • Original cataloging agency: JO-AjAnu
  • Transcribing agency: JO-AjAnu

100 ## - HEADING--PERSONAL NAME

  • Personal name: الجندي،محمد الشحات

670 ## - SOURCE DATA FOUND

  • Source citation: Work cat.: (JO-AjAnu)14438: الجندي،محمد الشحات, author, التعامل المالي والمصرفي المعاصر من منظور اسلامي :الطبيعة الاستثمارية للمصارف الاسلامية الودائع المصرفية